Statistics for Countries By Hints #2

Click here to take the quiz!

General Stats

  • This quiz has been taken 91 times
  • The average score is 8 of 15

Answer Stats

Hint Answer % Correct
Mozart is born hereAustria
92%
Has the highest mountain in the worldNepal
91%
5th biggest country and will host the Olympics in 2016Brazil
85%
Biggest country in AfricaAlgeria
75%
Newest countrySouth Sudan
73%
Closest country to AntarcticaChile
71%
This country's capital is SkopjeMacedonia
68%
Home of the harpIreland
54%
Smallest island in the world which is in the Pacific OceanNauru
53%
Has the longest life expectancyMonaco
48%
Richest country in the world (by GDP)Luxembourg
46%
Where Skype is inventedEstonia
38%
Oldest islandMadagascar
27%
Top banana producerEcuador
18%
Area of 702 sq km (271 sq miles)Federated State of Micronesia
1%

Score Distribution

Percentile by Number Answered

Percent of People with Each Score

Your Score History

You have not taken this quiz